[Event "SVR op"]
[Site "Lahnstein"]
[Date "2019.04.19"]
[Round "6"]
[White "Neubacher, Micha"]
[Black "Nedilko, Marko"]
[Result "1-0"]
[WhiteElo "1202"]
[BlackElo "1340"]
[PlyCount "69"]
[EventDate "2019.04.13"]
[EventType "swiss"]
[EventRounds "7"]
[EventCountry "GER"]
[SourceTitle "EXT 2021"]
[Source "ChessBase"]
[SourceDate "2020.10.23"]
[SourceVersion "1"]
[SourceVersionDate "2020.10.23"]
[SourceQuality "1"]

1. e4 e5 2. Nf3 Nc6 3. Bb5 a6 4. Bc4 b5 5. Bb3 Bc5 6. 0-0 Nf6 7. d3 Bb7 8. Nc3 Na5 9. Nxe5 Nxb3 10. axb3 d5 11. Bg5 Qd6 12. exd5 0-0 13. d4 Ne4 14. Nxe4 Qxd5 15. Re1 Bxd4 16. Nf3 Rfe8 17. Qxd4 Qxd4 18. Nxd4 Bxe4 19. c3 f6 20. f3 Bd5 21. Be3 c5 22. Nf5 Bxb3 23. Bxc5 Rec8 24. Bd4 Re8 25. Kf2 g6 26. Ng3 f5 27. Rxe8+ Rxe8 28. Rxa6 Bc4 29. Ra7 Bf7 30. Rb7 f4 31. Ne2 Bc4 32. Nxf4 g5 33. Nh3 Re2+ 34. Kg3 Rxb2 35. Nxg5 1-0

[Event "SVR op"]
[Site "Lahnstein"]
[Date "2019.04.13"]
[Round "2"]
[White "Braemigk, Frank"]
[Black "Neubacher, Micha"]
[Result "1-0"]
[WhiteElo "1621"]
[BlackElo "1202"]
[PlyCount "65"]
[EventDate "2019.04.13"]
[EventType "swiss"]
[EventRounds "7"]
[EventCountry "GER"]
[SourceTitle "EXT 2021"]
[Source "ChessBase"]
[SourceDate "2020.10.23"]
[SourceVersion "1"]
[SourceVersionDate "2020.10.23"]
[SourceQuality "1"]

1. Nf3 c6 2. g3 d5 3. d3 Nf6 4. Bg2 Bg4 5. 0-0 Nbd7 6. Nbd2 e5 7. Re1 Bd6 8. e4 Qc7 9. c3 b5 10. exd5 cxd5 11. Qb3 Rb8 12. Nxe5 Bxe5 13. d4 Be6 14. dxe5 Nxe5 15. Nf3 Nxf3+ 16. Bxf3 Qc4 17. Qa3 a5 18. Qd6 Rd8 19. Rxe6+ fxe6 20. Qxe6+ Kf8 21. Bf4 Ne4 22. Re1 Qc5 23. Bxe4 dxe4 24. Rxe4 g5 25. Qf6+ Kg8 26. Qxd8+ Kf7 27. Qd7+ Kg6 28. Re6+ Kh5 29. g4+ Kxg4 30. Re5+ Kxf4 31. Rxc5 Kf3 32. Qd3+ Kg4 33. Qd4+ 1-0